000 00469nam a2200145Ia 4500
003 OSt
005 20260127112717.0
008 211028s2017 xx 000 0 und d
040 _cAIMIT LIBRARY
041 _aeng
100 _aPangam, Rajaram Shivanand; Kudtarkar, Ravi.
_g1516112
_97687
245 _aStudy on employee satisfaction and its effect on productivity at Prakruti products pvt ltd Karwar /
260 _aMangalore
_bRavi Kudtarkar
_c2017
942 _2ddc
_cPRO
999 _c219255
_d219255